| 000 | 00877cab a2200301 4500 | ||
|---|---|---|---|
| 001 | WB3112-33 | ||
| 008 | 090401t1995 xxu||||| |||| 00| 0 eng d | ||
| 035 | _a(Sirsi) u35841 | ||
| 041 | _aeng | ||
| 245 | _aNuisance | ||
| 260 | _c1995 | ||
| 350 | _a0 | ||
| 490 |
_aEstates Gazette _v(9511) 18 March 1995, 139(1) |
||
| 520 | _aConsiders recent decisions under the tort of nuisance, examining the issue of conflict of interests. | ||
| 650 | _aBRIDLINGTON RELAY LTD V YORKSHIRE ELECTRICITY BOARD | ||
| 650 | _aCONFLICT OF INTERESTS | ||
| 650 | _aHUNTER V CANARY WHARF LTD | ||
| 650 | _aNUISANCE | ||
| 650 | _aPIG FARMING | ||
| 650 | _aPLANNING PERMISSION | ||
| 650 | _aSTATUTORY AUTHORITY | ||
| 650 | _aTELEVISION INTERFERENCE | ||
| 650 | _aTORT OF NUISANCE | ||
| 650 | _aWHEELER V JJ SAUNDERS LTD | ||
| 690 | _aLAW | ||
| 942 | _n0 | ||
| 948 | _c04/03/1997 | ||
| 999 |
_c23433 _d23433 |
||